书目信息 |
| 题名: |
情感与教学
|
|
| 作者: | 丁伟 著 | |
| 分册: | ||
| 出版信息: | 长春 东北师范大学出版社 2017.07 |
|
| 页数: | 226页 | |
| 开本: | 24cm | |
| 丛书名: | ||
| 单 册: | ||
| 中图分类: | J624.16 | |
| 科图分类: | ||
| 主题词: | 钢琴课教学--gang qin ke jiao xue--教学研究 | |
| 电子资源: | ||
| ISBN: | 978-7-5681-3106-3 | |
| 000 | 01031nam0 2200265 450 | |
| 001 | CAL 0120172268313 | |
| 005 | 20170828133523.6 | |
| 010 | @a978-7-5681-3106-3@b@dCNY48.00 | |
| 100 | @a20170824d2017 em y0chiy50 ea | |
| 101 | 0 | @achi |
| 102 | @aCN@b220000 | |
| 105 | @ay z 000yy | |
| 106 | @ar | |
| 200 | 1 | @a情感与教学@Aqing gan yu jiao xue@e关于钢琴教学的研究@f丁伟著@g |
| 210 | @a长春@c东北师范大学出版社@d2017.07 | |
| 215 | @a226页@c@d24cm | |
| 314 | @a丁伟, 陕西省音乐家协会会员等职。 | |
| 330 | @a本书在教学过程中, 要充分考虑专业知识素养的同时也要结合情感因素, 科学合理地改进钢琴教学方法, 有效的提高学生钢琴技能水平, 更好的发挥学生的审美能力和创造能力, 形成健康的审美情操, 从而推动我国音乐教育事业的发展, 为社会培养优秀人才。 | |
| 517 | 1 | @a关于钢琴教学的研究@Aguan yu gang qin jiao xue de yan jiu |
| 606 | 0 | @a钢琴课教学@Agang qin ke jiao xue@x教学研究 |
| 690 | @aJ624.16@v5 | |
| 701 | 0 | @a丁伟@Ading wei@4著 |
| 801 | 0 | @aCN@b人天书店@c20170824@g |
| 905 | @aBZT@dJ624.16@e12 | |
| 906 | @dCNY48.00@n3@r1 | |
| 情感与教学:关于钢琴教学的研究/丁伟著.-长春:东北师范大学出版社,2017.07 |
| 226页;24cm |
| ISBN 978-7-5681-3106-3:CNY48.00 |
| 本书在教学过程中, 要充分考虑专业知识素养的同时也要结合情感因素, 科学合理地改进钢琴教学方法, 有效的提高学生钢琴技能水平, 更好的发挥学生的审美能力和创造能力, 形成健康的审美情操, 从而推动我国音乐教育事业的发展, 为社会培养优秀人才。 |
| ● |
| 相关链接 |
|
|
|
正题名:情感与教学
索取号:J624.16/12
 
预约/预借
| 序号 | 登录号 | 条形码 | 馆藏地/架位号 | 状态 | 备注 |
| 1 | 837952 | 2000837952 | 第二书库/ [索取号:J624.16/12] | 在馆 | |
| 2 | 837953 | 2000837953 | 第二书库/ [索取号:J624.16/12] | 在馆 | |
| 3 | 837954 | 2000837954 | 第二书库/ [索取号:J624.16/12] | 在馆 |